[Event "Titled Tuesday intern op 12th Mar Early"]
[Site "Chess.com INT"]
[Date "2024.03.12"]
[Round "11"]
[White "Von Buelow, Georg"]
[Black "Myers, Dominique"]
[Result "1-0"]
[WhiteElo "2327"]
[BlackElo "2022"]
[PlyCount "61"]
[EventDate "2024.03.12"]
[EventType "swiss (blitz)"]
[EventRounds "11"]
[EventCountry "USA"]
[SourceTitle "CB12_2024"]
[SourceDate "2023.10.01"]
[SourceVersion "1"]
[SourceVersionDate "2023.10.01"]
[SourceQuality "1"]

1. e4 e5 2. Nf3 Nc6 3. Nc3 Nf6 4. Bb5 Bd6 5. 0-0 0-0 6. Re1 Ne7 7. h3 Ng6 8. Bf1 Re8 9. g3 Bc5 10. a3 d6 11. Na4 Be6 12. d3 Qd7 13. Nxc5 dxc5 14. Kh2 Rad8 15. Qe2 b6 16. Ng5 a5 17. Be3 Qb5 18. Nxe6 Rxe6 19. b3 Red6 20. a4 Qd7 21. Bg2 Nf8 22. f4 Re6 23. Qf3 exf4 24. gxf4 Ne8 25. f5 Re7 26. Rg1 f6 27. Qg3 Kh8 28. Bf3 Nd6 29. Bf4 Nf7 30. Rg2 Rc8 31. Qxg7# 1-0

[Event "Titled Tuesday intern op 27th Feb Late"]
[Site "Chess.com INT"]
[Date "2024.02.27"]
[Round "7"]
[White "Myers, Dominique"]
[Black "Buchenau, Frank"]
[Result "1-0"]
[WhiteElo "2022"]
[BlackElo "2175"]
[PlyCount "45"]
[EventDate "2024.02.27"]
[EventType "swiss (blitz)"]
[EventRounds "11"]
[EventCountry "USA"]
[SourceTitle "CB10_2024"]
[SourceDate "2024.03.06"]
[SourceVersion "1"]
[SourceVersionDate "2024.03.06"]
[SourceQuality "1"]

1. e4 e6 2. Nc3 d5 3. Nf3 Nf6 4. e5 Nfd7 5. d4 c5 6. dxc5 Nc6 7. Bf4 Bxc5 8. Bd3 f6 9. exf6 Qxf6 10. Bg3 0-0 11. Qe2 Nd4 12. Nxd4 Bxd4 13. 0-0 Nc5 14. Nb5 Bxb2 15. Rab1 Bd7 16. Nc7 Rac8 17. Bd6 Rfd8 18. Rxb2 Qxb2 19. Be5 Qb4 20. Bxh7+ Kxh7 21. Qh5+ Kg8 22. Qg6 Kf8 23. Qxg7# 1-0

[Event "Titled Tuesday intern op 27th Feb Late"]
[Site "Chess.com INT"]
[Date "2024.02.27"]
[Round "4"]
[White "Myers, Dominique"]
[Black "Daianu, Cristian Clement"]
[Result "0-1"]
[WhiteElo "2022"]
[BlackElo "2201"]
[PlyCount "122"]
[EventDate "2024.02.27"]
[EventType "swiss (blitz)"]
[EventRounds "11"]
[EventCountry "USA"]
[SourceTitle "CB10_2024"]
[SourceDate "2024.03.06"]
[SourceVersion "1"]
[SourceVersionDate "2024.03.06"]
[SourceQuality "1"]

1. e4 c5 2. d3 d6 3. Nd2 Nc6 4. g3 g6 5. Ngf3 Bg7 6. Bg2 Nf6 7. 0-0 0-0 8. h4 d5 9. Re1 dxe4 10. Nxe4 Ng4 11. Nxc5 Qb6 12. d4 Nxd4 13. Nxd4 Qxc5 14. c3 e5 15. Bf3 Nxf2 16. Kxf2 exd4 17. cxd4 Qxd4+ 18. Qxd4 Bxd4+ 19. Kg2 Be6 20. Bxb7 Rab8 21. Bf3 Bxb2 22. Rb1 Bxc1 23. Rexc1 Bxa2 24. Rxb8 Rxb8 25. Rc7 a5 26. Ra7 Rb2+ 27. Kg1 Rb5 28. Kf2 Kg7 29. Ke3 h5 30. Ra6 Be6 31. Bd1 Rc5 32. Ra7 Kf6 33. Kd2 Ke5 34. Bc2 Kd6 35. Be4 Ke5 36. Bc2 Kd4 37. Re7 Re5 38. Ra7 Kc4 39. Rb7 Rd5+ 40. Kc1 Rd6 41. Bb3+ Kc3 42. Bxe6 Rxe6 43. Rc7+ Kb3 44. Rd7 f5 45. Rb7+ Ka3 46. Ra7 a4 47. Rb7 Ka2 48. Kc2 a3 49. Rb3 Rc6+ 50. Rc3 Rxc3+ 51. Kxc3 Kb1 52. Kd4 a2 53. Ke5 a1Q+ 54. Kf4 Qc3 55. Kg5 Qxg3+ 56. Kh6 Qxh4 57. Kg7 Qe7+ 58. Kh6 f4 59. Kxg6 f3 60. Kxh5 f2 61. Kg4 f1Q 0-1

[Event "Titled Tuesday intern op 27th Feb Late"]
[Site "Chess.com INT"]
[Date "2024.02.27"]
[Round "3"]
[White "Myers, Dominique"]
[Black "Hajiyev, Kanan"]
[Result "1-0"]
[WhiteElo "2022"]
[BlackElo "2081"]
[PlyCount "69"]
[EventDate "2024.02.27"]
[EventType "swiss (blitz)"]
[EventRounds "11"]
[EventCountry "USA"]
[SourceTitle "CB10_2024"]
[SourceDate "2024.03.06"]
[SourceVersion "1"]
[SourceVersionDate "2024.03.06"]
[SourceQuality "1"]

1. e4 c6 2. Nc3 d5 3. Nf3 a6 4. d3 Bg4 5. h3 Bh5 6. g4 Bg6 7. Bg2 e6 8. Qe2 Bb4 9. Bd2 Nf6 10. e5 Nfd7 11. h4 h5 12. Ng5 hxg4 13. Qxg4 Nxe5 14. Qxb4 b5 15. Qf4 Nbd7 16. 0-0-0 Qf6 17. Qg3 b4 18. Na4 c5 19. f4 Nc6 20. Rde1 Kf8 21. h5 Bf5 22. Bh3 Nd4 23. Qg1 a5 24. Bxf5 Qxf5 25. Nxc5 Nxc5 26. Qxd4 Rc8 27. Kb1 Rc6 28. Re5 Qg4 29. Rg1 Qxh5 30. Ne4 Qe2 31. Nxc5 Qxd2 32. Ree1 Rh7 33. Rc1 g6 34. Nb3 a4 35. Nxd2 1-0

[Event "Titled Tuesday intern op 27th Feb Late"]
[Site "Chess.com INT"]
[Date "2024.02.27"]
[Round "9"]
[White "Myers, Dominique"]
[Black "Jarocka, Liwia"]
[Result "0-1"]
[WhiteElo "2022"]
[BlackElo "2199"]
[PlyCount "122"]
[EventDate "2024.02.27"]
[EventType "swiss (blitz)"]
[EventRounds "11"]
[EventCountry "USA"]
[SourceTitle "CB10_2024"]
[SourceDate "2024.03.06"]
[SourceVersion "1"]
[SourceVersionDate "2024.03.06"]
[SourceQuality "1"]

1. e4 e5 2. Bc4 Nc6 3. Nc3 Bc5 4. d3 Na5 5. Qf3 Nxc4 6. dxc4 Ne7 7. Nge2 0-0 8. 0-0 d6 9. Ng3 Be6 10. b3 f5 11. exf5 Nxf5 12. Qxb7 Nd4 13. Nge4 Bb6 14. Bg5 Qe8 15. Nd5 Rb8 16. Qa6 Bxd5 17. cxd5 Nxc2 18. Rac1 Nb4 19. Qc4 Qg6 20. Be3 Nxa2 21. Ra1 Bxe3 22. Rxa2 Bb6 23. b4 Rf4 24. Re2 Rbf8 25. Qd3 Kh8 26. Qc2 Rg4 27. Ng3 Qxc2 28. Rxc2 Rxb4 29. h3 Rd4 30. Kh2 Rxd5 31. f3 h6 32. Ne4 Rd3 33. Rfc1 a5 34. Rc6 a4 35. Nxd6 Rxd6 36. Rxd6 cxd6 37. Rc6 Bc5 38. Ra6 a3 39. Kg3 Rb8 40. Kg4 Rf8 41. g3 Kh7 42. h4 g6 43. Rc6 Kg7 44. Rc7+ Rf7 45. Rc8 h5+ 46. Kh3 Rxf3 47. Kg2 Rf2+ 48. Kh3 a2 49. Rg8+ Kf7 50. Rf8+ Ke6 51. Re8+ Kd7 52. Rd8+ Kc6 53. Rc8+ Kb5 54. Rxc5+ Kb4 55. Rb5+ Ka3 56. Ra5+ Kb3 57. Rb5+ Ka4 58. Ra5+ Kxa5 59. g4 a1Q 60. gxh5 Qg1 61. hxg6 Rh2# 0-1

[Event "Titled Tuesday intern op 27th Feb Late"]
[Site "Chess.com INT"]
[Date "2024.02.27"]
[Round "6"]
[White "Myers, Dominique"]
[Black "Murthy, Pappu LN"]
[Result "1-0"]
[WhiteElo "2022"]
[BlackElo "1821"]
[PlyCount "77"]
[EventDate "2024.02.27"]
[EventType "swiss (blitz)"]
[EventRounds "11"]
[EventCountry "USA"]
[SourceTitle "CB10_2024"]
[SourceDate "2024.03.06"]
[SourceVersion "1"]
[SourceVersionDate "2024.03.06"]
[SourceQuality "1"]

1. e4 e6 2. Nc3 d5 3. Nf3 Nf6 4. e5 Nfd7 5. d4 c5 6. dxc5 Nxc5 7. Bf4 a6 8. h4 Nc6 9. h5 h6 10. Qd2 b5 11. 0-0-0 Bb7 12. Nd4 Qb6 13. Kb1 Rc8 14. Rh4 Na4 15. Nxd5 exd5 16. e6 Nxd4 17. exf7+ Kxf7 18. Be3 Qc7 19. Bxd4 Be7 20. Rf4+ Kg8 21. Bd3 Bg5 22. g3 Bxf4 23. gxf4 Rf8 24. Be5 Qd7 25. Rg1 Rf7 26. Bg6 Re7 27. Qd4 Bc8 28. Bd3 Bb7 29. b3 Bc6 30. bxa4 bxa4 31. Rg6 a3 32. Kc1 Qb7 33. Qc5 Be8 34. Rb6 Qd7 35. Rd6 Qb7 36. Rxd5 Rxe5 37. Rxe5 Qb2+ 38. Kd2 Bf7 39. Qc8+ 1-0

[Event "Titled Tuesday intern op 27th Feb Late"]
[Site "Chess.com INT"]
[Date "2024.02.27"]
[Round "10"]
[White "Myers, Dominique"]
[Black "Silvestre, Christian"]
[Result "0-1"]
[WhiteElo "2022"]
[BlackElo "1942"]
[PlyCount "126"]
[EventDate "2024.02.27"]
[EventType "swiss (blitz)"]
[EventRounds "11"]
[EventCountry "USA"]
[SourceTitle "CB10_2024"]
[SourceDate "2024.03.06"]
[SourceVersion "1"]
[SourceVersionDate "2024.03.06"]
[SourceQuality "1"]

1. e4 c5 2. d3 Nc6 3. Nc3 g6 4. Nge2 Bg7 5. g3 d6 6. Bg2 h5 7. 0-0 h4 8. f4 hxg3 9. Nxg3 Bd4+ 10. Kh1 e6 11. Qe2 Qh4 12. Bh3 Qxh3 13. Qg2 Qxg2+ 14. Kxg2 Bg7 15. Nce2 Bh6 16. c3 Nge7 17. h4 Bd7 18. Be3 0-0-0 19. Rh1 Bg7 20. Kf3 b6 21. Rag1 d5 22. h5 Rdg8 23. a3 Bf8 24. b4 cxb4 25. axb4 Kb7 26. hxg6 Nxg6 27. Nh5 Be7 28. b5 Na5 29. Nd4 e5 30. Nf5 Bxf5 31. exf5 Nxf4 32. Nxf4 exf4 33. Bxf4 Bf6 34. d4 Nc4 35. Re1 Rxh1 36. Rxh1 Rh8 37. Rc1 Kc8 38. Ra1 Kb7 39. Rc1 Rh3+ 40. Kg4 Rd3 41. Bg5 Bxg5 42. Kxg5 Rf3 43. Re1 Ne3 44. Kf6 Rxf5+ 45. Ke7 Rf3 46. Kd6 f5 47. Rh1 Nc4+ 48. Kxd5 Rxc3 49. Rh7+ Kc8 50. Rh8+ Kd7 51. Rh7+ Ke8 52. Rxa7 f4 53. Ke6 Re3+ 54. Kf6 f3 55. Ra8+ Kd7 56. Ra7+ Kd6 57. Rf7 f2 58. Kg5 Re2 59. Kg4 Ne3+ 60. Kf3 f1Q+ 61. Ke4 Qxf7 62. d5 Qxd5+ 63. Kf4 Qxb5 0-1

[Event "Titled Tuesday intern op 13th Jun Late"]
[Site "Chess.com INT"]
[Date "2023.06.13"]
[Round "9"]
[White "Myers, Dominique"]
[Black "Ricaurte Lopez, Juan Carlos"]
[Result "0-1"]
[WhiteElo "2055"]
[BlackElo "2226"]
[PlyCount "38"]
[EventDate "2023.06.13"]
[EventType "swiss (blitz)"]
[EventRounds "11"]
[EventCountry "USA"]
[SourceTitle "EXT 2024"]
[Source "ChessBase"]
[SourceDate "2023.10.10"]
[SourceVersion "1"]
[SourceVersionDate "2023.10.10"]
[SourceQuality "1"]

1. e4 e5 2. Nf3 d5 3. exd5 e4 4. Qe2 Nf6 5. Nc3 Be7 6. Ng5 0-0 7. g3 Bg4 8. Qe3 Nxd5 9. Nxd5 Qxd5 10. Nxe4 Bc5 11. Nxc5 Qxh1 12. d4 Nc6 13. Qc3 Bh3 14. Qc4 Nxd4 15. Be3 Nxc2+ 16. Qxc2 Qxf1+ 17. Kd2 Qxa1 18. Nd3 Rad8 19. Ke2 Bf1+ 0-1

[Event "Titled Tuesday intern op 02nd May Early"]
[Site "Chess.com INT"]
[Date "2023.05.02"]
[Round "6"]
[White "Myers, Dominique"]
[Black "Vitenberg, Noam Aviv"]
[Result "0-1"]
[WhiteElo "2042"]
[BlackElo "2331"]
[PlyCount "90"]
[EventDate "2023.05.02"]
[EventType "swiss (blitz)"]
[EventRounds "11"]
[EventCountry "USA"]
[SourceTitle "EXT 2024"]
[Source "ChessBase"]
[SourceDate "2023.10.10"]
[SourceVersion "1"]
[SourceVersionDate "2023.10.10"]
[SourceQuality "1"]

1. e4 a6 2. d4 b5 3. Bd3 Bb7 4. Qe2 e6 5. Nd2 Nf6 6. f4 d5 7. e5 Nfd7 8. Ngf3 c5 9. c3 Nc6 10. 0-0 Qb6 11. f5 cxd4 12. cxd4 Nxd4 13. Nxd4 Qxd4+ 14. Kh1 Nxe5 15. fxe6 fxe6 16. Nf3 Qxd3 17. Qe1 Nxf3 18. Qxe6+ Be7 19. Bf4 Nd4 20. Qb6 0-0 21. Qxb7 Nf5 22. Rad1 Qc4 23. b3 Qe4 24. Rde1 Qd3 25. Rd1 Qc2 26. Qxd5+ Kh8 27. Rd2 Qc5 28. Qe4 Rae8 29. Qb1 Qb4 30. Re2 Nd4 31. Re4 Bf6 32. Be3 Qc3 33. Rc1 Qxe3 34. Rxe3 Rxe3 35. h3 Rfe8 36. Rf1 Ne2 37. Qf5 Ng3+ 38. Kh2 Nxf5 39. Rxf5 Be5+ 40. g3 Re2+ 41. Kg1 Bf6 42. h4 Rb2 43. Rf1 Rc8 44. a4 Rcc2 45. axb5 Rg2+ 0-1

[Event "Titled Tuesday intern op 27th Dec Late"]
[Site "Chess.com INT"]
[Date "2022.12.27"]
[Round "6"]
[White "Albertini, Luca"]
[Black "Myers, Dominique"]
[Result "1-0"]
[WhiteElo "2079"]
[BlackElo "2056"]
[PlyCount "39"]
[EventDate "2022.12.27"]
[EventType "swiss (blitz)"]
[EventRounds "11"]
[EventCountry "USA"]
[SourceTitle "EXT 2024"]
[Source "ChessBase"]
[SourceDate "2023.10.10"]
[SourceVersion "1"]
[SourceVersionDate "2023.10.10"]
[SourceQuality "1"]

1. e4 e5 2. Nf3 Nc6 3. Bc4 Nf6 4. d3 Bc5 5. c3 d6 6. Nbd2 0-0 7. Nf1 a6 8. Ng3 Be6 9. Bb3 Re8 10. 0-0 d5 11. exd5 Nxd5 12. Re1 f6 13. d4 exd4 14. Nxd4 Nxd4 15. cxd4 Bf8 16. Qf3 c6 17. Bd2 Bf7 18. Bc3 Qd7 19. Nf5 Bg6 20. Ne3 1-0

[Event "Titled Tuesday intern op 20th Dec Late"]
[Site "Chess.com INT"]
[Date "2022.12.20"]
[Round "7"]
[White "Dzierzak, Radoslaw"]
[Black "Myers, Dominique"]
[Result "1-0"]
[WhiteElo "2211"]
[BlackElo "2056"]
[PlyCount "69"]
[EventDate "2022.12.20"]
[EventType "swiss (blitz)"]
[EventRounds "11"]
[EventCountry "USA"]
[SourceTitle "EXT 2024"]
[Source "ChessBase"]
[SourceDate "2023.10.10"]
[SourceVersion "1"]
[SourceVersionDate "2023.10.10"]
[SourceQuality "1"]

1. e4 e5 2. Nf3 Qe7 3. Nc3 c6 4. d4 d6 5. dxe5 dxe5 6. Bc4 h6 7. 0-0 Bg4 8. h3 Bh5 9. Be3 Nd7 10. a4 g5 11. a5 Bg7 12. a6 b5 13. Nxb5 cxb5 14. Bxb5 Ngf6 15. g4 Bg6 16. Bc6 Bxe4 17. Bxe4 Nxe4 18. Qd5 0-0 19. Qxe4 Rfe8 20. Ra5 Nf8 21. Bc5 Qc7 22. Rb5 Ne6 23. b4 Nf4 24. Kh2 Qd7 25. Rb7 Qe6 26. Rd1 Qxa6 27. c4 Rad8 28. Rdd7 Rxd7 29. Rxd7 Qa1 30. Qf5 e4 31. Qxf7+ Kh7 32. Bd4 Qxd4 33. Rxd4 exf3 34. Qxe8 Bxd4 35. Qe4+ 1-0

[Event "Titled Tuesday intern op 20th Dec Late"]
[Site "Chess.com INT"]
[Date "2022.12.20"]
[Round "4"]
[White "Moreno Perez, Tobias Sebastian"]
[Black "Myers, Dominique"]
[Result "1-0"]
[WhiteElo "2249"]
[BlackElo "2056"]
[PlyCount "109"]
[EventDate "2022.12.20"]
[EventType "swiss (blitz)"]
[EventRounds "11"]
[EventCountry "USA"]
[SourceTitle "EXT 2024"]
[Source "ChessBase"]
[SourceDate "2023.10.10"]
[SourceVersion "1"]
[SourceVersionDate "2023.10.10"]
[SourceQuality "1"]

1. Nf3 f5 2. b3 Nf6 3. Bb2 e6 4. g3 b6 5. Bg2 Bb7 6. 0-0 Be7 7. d3 0-0 8. Nbd2 d6 9. Re1 Nbd7 10. e4 fxe4 11. dxe4 e5 12. Ng5 Nc5 13. b4 h6 14. bxc5 hxg5 15. cxd6 Bxd6 16. Nc4 Qe7 17. Ne3 Rac8 18. Nf5 Qe6 19. Qd2 g4 20. Qg5 Ne8 21. Qxg4 Rf6 22. Bh3 Qf7 23. Qe2 Rg6 24. Nxd6 Nxd6 25. Bxc8 Bxc8 26. Bxe5 Bg4 27. Qd3 Nc4 28. f4 Nxe5 29. fxe5 Qe7 30. Rad1 Kh7 31. Rd2 Qxe5 32. Qd4 Qg5 33. Rf2 Bh3 34. Qe3 Qe5 35. Rf4 Bg4 36. Ref1 Qe6 37. e5 Rg5 38. Qe4+ Kh6 39. Rf6+ gxf6 40. Rxf6+ Qxf6 41. exf6 Bh5 42. Qf4 Kg6 43. f7 Rf5 44. Qxf5+ Kxf5 45. f8Q+ Ke5 46. Qf4+ Ke6 47. g4 Be8 48. h4 c5 49. h5 a5 50. h6 Kd5 51. h7 Kc6 52. h8Q Bd7 53. Qhf6+ Kb5 54. Q4d6 Bc6 55. Qxc6+ 1-0

[Event "Titled Tuesday intern op 08th Nov Late"]
[Site "Chess.com INT"]
[Date "2022.11.08"]
[Round "5"]
[White "Myers, Dominique"]
[Black "Aqib, Javaid Butt"]
[Result "1-0"]
[WhiteElo "2056"]
[BlackElo "1759"]
[PlyCount "100"]
[EventDate "2022.11.08"]
[EventType "swiss (blitz)"]
[EventRounds "11"]
[EventCountry "USA"]
[SourceTitle "EXT 2024"]
[Source "ChessBase"]
[SourceDate "2023.10.10"]
[SourceVersion "1"]
[SourceVersionDate "2023.10.10"]
[SourceQuality "1"]

1. e4 e5 2. Nf3 Nf6 3. Qe2 Nc6 4. c3 Bc5 5. Nxe5 Nxe5 6. d4 Qe7 7. dxc5 Qxc5 8. f4 Nc6 9. e5 Nd5 10. Nd2 Nxf4 11. Qe4 Qxe5 12. Bb5 Qxe4+ 13. Nxe4 Ne6 14. 0-0 0-0 15. Ng3 a6 16. Bd3 Nc5 17. Bc2 d6 18. Be3 Be6 19. b3 Rad8 20. Rae1 Rfe8 21. Bc1 g6 22. Bb2 Ne5 23. Ba1 Ncd3 24. Rd1 Nc5 25. b4 Ncd7 26. Ne4 Kg7 27. h4 Bf5 28. c4 Bxe4 29. Bxe4 f5 30. Bxb7 Rb8 31. Bc6 Re7 32. b5 axb5 33. cxb5 Kh6 34. Rc1 Nc5 35. Bd4 Ncd3 36. Be3+ f4 37. Bxf4+ Nxf4 38. Rxf4 Nd3 39. Rfc4 Nxc1 40. Rxc1 Rf8 41. a4 Rf4 42. a5 Rxh4 43. a6 Ra4 44. Rb1 Re2 45. b6 Rxa6 46. b7 Rxc6 47. b8Q Rcc2 48. Qf8+ Kg5 49. Qf3 Rf2 50. Qg3+ Kh6 1-0

[Event "Titled Tuesday intern op 08th Nov Late"]
[Site "Chess.com INT"]
[Date "2022.11.08"]
[Round "4"]
[White "Myers, Dominique"]
[Black "Harish, Neeraj"]
[Result "1-0"]
[WhiteElo "2056"]
[BlackElo "1944"]
[PlyCount "47"]
[EventDate "2022.11.08"]
[EventType "swiss (blitz)"]
[EventRounds "11"]
[EventCountry "USA"]
[SourceTitle "EXT 2024"]
[Source "ChessBase"]
[SourceDate "2023.10.10"]
[SourceVersion "1"]
[SourceVersionDate "2023.10.10"]
[SourceQuality "1"]

1. e4 c5 2. Nf3 Nc6 3. d4 cxd4 4. c3 Nf6 5. e5 Nd5 6. Bc4 Nb6 7. Bb3 d6 8. exd6 Qxd6 9. 0-0 Be6 10. Na3 Bxb3 11. Qxb3 dxc3 12. Nb5 Qd8 13. Rd1 Qc8 14. Ng5 e6 15. Qxc3 Nd5 16. Rxd5 exd5 17. Bf4 f6 18. Re1+ Be7 19. Ne6 Kf7 20. Nbc7 Rb8 21. Nxd5 Ne5 22. Bxe5 Qxc3 23. Bxc3 Rbd8 24. Nxd8+ 1-0

[Event "Titled Tuesday intern op 01st Nov Late"]
[Site "Chess.com INT"]
[Date "2022.11.01"]
[Round "7"]
[White "Powell, Paul J"]
[Black "Myers, Dominique"]
[Result "0-1"]
[WhiteElo "2270"]
[BlackElo "2056"]
[PlyCount "56"]
[EventDate "2022.11.01"]
[EventType "swiss (blitz)"]
[EventRounds "11"]
[EventCountry "USA"]
[SourceTitle "EXT 2024"]
[Source "ChessBase"]
[SourceDate "2023.10.10"]
[SourceVersion "1"]
[SourceVersionDate "2023.10.10"]
[SourceQuality "1"]

1. d4 d5 2. Nc3 Nf6 3. Bf4 e6 4. Nf3 Bd6 5. e3 0-0 6. Bd3 a6 7. Qd2 c5 8. dxc5 Bxc5 9. g4 Nc6 10. g5 Nh5 11. h4 Re8 12. 0-0-0 Qa5 13. Ne5 Nxf4 14. exf4 d4 15. Nb1 Qxa2 16. Qe2 Ne7 17. Nxf7 Kxf7 18. Qh5+ Kf8 19. Qxh7 e5 20. Qh5 Qf7 21. Qe2 Qxf4+ 22. Nd2 Nd5 23. h5 Bg4 24. f3 Bf5 25. h6 Ne3 26. hxg7+ Kxg7 27. Bxf5 Qxf5 28. Qc4 Nxc4 0-1

[Event "Charlotte CCCSA Alto op"]
[Site "Charlotte"]
[Date "2022.05.01"]
[Round "5"]
[White "Parker, Anthony"]
[Black "Myers, Dominique"]
[Result "0-1"]
[WhiteElo "1937"]
[BlackElo "2065"]
[PlyCount "30"]
[EventDate "2022.04.29"]
[EventType "swiss"]
[EventRounds "5"]
[EventCountry "USA"]
[SourceTitle "EXT 2023"]
[Source "ChessBase"]
[SourceDate "2022.10.05"]
[SourceVersion "1"]
[SourceVersionDate "2022.10.05"]
[SourceQuality "1"]

1. e4 e5 2. Nf3 Nc6 3. d4 exd4 4. Nxd4 Qh4 5. Nc3 Bb4 6. Ndb5 Nf6 7. Bd3 Ba5 8. 0-0 a6 9. Na3 b5 10. Nd5 Nxd5 11. exd5 Ne5 12. Be2 Bb6 13. d6 Bb7 14. Bd3 0-0 15. h3 Qg3 0-1

[Event "Titled Tuesday intern op 22nd Feb Late"]
[Site "Chess.com INT"]
[Date "2022.02.22"]
[Round "5"]
[White "Myers, Dominique"]
[Black "Baskin, Robert"]
[Result "0-1"]
[WhiteElo "2065"]
[BlackElo "2383"]
[PlyCount "134"]
[EventDate "2022.02.22"]
[EventType "swiss (blitz)"]
[EventRounds "11"]
[EventCountry "USA"]
[SourceTitle "CBM 207 Extra"]
[Source "ChessBase"]
[SourceDate "2022.05.31"]
[SourceVersion "1"]
[SourceVersionDate "2022.05.31"]
[SourceQuality "1"]

1. e4 c5 2. Nf3 d6 3. d4 cxd4 4. Nxd4 Nf6 5. Nc3 Nc6 6. f3 g6 7. Be3 Bg7 8. Qd2 0-0 9. 0-0-0 d5 10. exd5 Nxd5 11. Nxc6 bxc6 12. Bd4 e5 13. Bc5 Re8 14. Bc4 Qc7 15. Ne4 h6 16. h4 f5 17. Nd6 Be6 18. Nxe8 Rxe8 19. Bb3 a5 20. Kb1 Rb8 21. a4 Kh7 22. g4 fxg4 23. fxg4 e4 24. h5 g5 25. Rhe1 Bxg4 26. Rxe4 Bf5 27. Rde1 Rxb3 28. cxb3 Nf6 29. Ka2 Nxe4 30. Qc2 Nc3+ 31. Qxc3 Bxc3 32. bxc3 Qh2+ 33. Ka3 g4 34. Re7+ Kg8 35. Re8+ Kg7 36. Re7+ Kf6 37. Re8 Bb1 38. Rf8+ Kg5 39. Rf2 g3 40. Rb2 Be4 41. b4 axb4+ 42. cxb4 g2 43. a5 Qg3+ 44. Rb3 g1Q 45. Bxg1 Qxg1 46. b5 Qa1+ 47. Kb4 Qd4+ 48. Ka3 Qa1+ 49. Kb4 Qd4+ 50. Ka3 cxb5 51. Rxb5+ Kf4 52. a6 Qc3+ 53. Ka4 Bc6 54. a7 Bxb5+ 55. Kxb5 Qc8 56. Kb6 Qa8 57. Ka6 Kg5 58. Kb6 Kxh5 59. Kc7 Kg4 60. Kd6 h5 61. Ke5 h4 62. Kd4 h3 63. Ke3 h2 64. Kf2 h1Q 65. Ke2 Qaf3+ 66. Kd2 Qhg2+ 67. Ke1 Qff1# 0-1

[Event "Titled Tuesday intern op 22nd Feb Late"]
[Site "Chess.com INT"]
[Date "2022.02.22"]
[Round "9"]
[White "Myers, Dominique"]
[Black "Batsiashvili, Nino"]
[Result "1-0"]
[WhiteElo "2065"]
[BlackElo "2491"]
[PlyCount "75"]
[EventDate "2022.02.22"]
[EventType "swiss (blitz)"]
[EventRounds "11"]
[EventCountry "USA"]
[SourceTitle "CBM 207 Extra"]
[Source "ChessBase"]
[SourceDate "2022.05.31"]
[SourceVersion "1"]
[SourceVersionDate "2022.05.31"]
[SourceQuality "1"]

1. e4 e5 2. Nf3 Nc6 3. Bb5 a6 4. Ba4 Nf6 5. 0-0 b5 6. Bb3 Bc5 7. c3 d6 8. a4 Rb8 9. d4 Bb6 10. a5 Ba7 11. h3 Bb7 12. Be3 Nxe4 13. Re1 d5 14. dxe5 Bxe3 15. Rxe3 Ne7 16. Nbd2 Nxd2 17. Qxd2 0-0 18. Bc2 c5 19. Ng5 Ng6 20. Rg3 d4 21. e6 Bd5 22. exf7+ Bxf7 23. Nxf7 Rxf7 24. cxd4 Qd6 25. Rd1 c4 26. b3 Rbf8 27. Qg5 Rxf2 28. Bxg6 hxg6 29. bxc4 bxc4 30. Qxg6 Qxg6 31. Rxg6 R2f5 32. Rxa6 Rc8 33. Rc1 Rd5 34. Rc3 Rxd4 35. Ra7 Rd3 36. Rxd3 cxd3 37. Rd7 Ra8 38. Rxd3 1-0

[Event "Titled Tuesday intern op 22nd Feb Late"]
[Site "Chess.com INT"]
[Date "2022.02.22"]
[Round "10"]
[White "Myers, Dominique"]
[Black "Liang, Jason"]
[Result "0-1"]
[WhiteElo "2065"]
[BlackElo "2419"]
[PlyCount "90"]
[EventDate "2022.02.22"]
[EventType "swiss (blitz)"]
[EventRounds "11"]
[EventCountry "USA"]
[SourceTitle "CBM 207 Extra"]
[Source "ChessBase"]
[SourceDate "2022.05.31"]
[SourceVersion "1"]
[SourceVersionDate "2022.05.31"]
[SourceQuality "1"]

1. e4 c6 2. d4 d5 3. exd5 cxd5 4. Bd3 Nc6 5. c3 Nf6 6. Bf4 g6 7. Nd2 Bf5 8. Bxf5 gxf5 9. Ngf3 e6 10. Ne5 Bg7 11. Ndf3 0-0 12. 0-0 Ne7 13. Bg5 Ng6 14. Qe2 Qe8 15. Rfe1 Ne4 16. Bc1 f6 17. Nd3 e5 18. Nb4 Rd8 19. dxe5 fxe5 20. Rd1 Ne7 21. Bg5 Nxg5 22. Nxg5 Qg6 23. Nf3 e4 24. Nd4 f4 25. f3 Kh8 26. Kh1 Rg8 27. Rg1 Bxd4 28. cxd4 Nf5 29. Rge1 e3 30. Rad1 Qh5 31. Kg1 Nh4 32. g4 fxg3 33. Qxe3 Nxf3+ 34. Kf1 g2+ 35. Kf2 Rdf8 36. Ke2 Nxe1+ 37. Kd2 g1Q 38. Rxe1 Qxe3+ 39. Rxe3 Rf2+ 40. Kc3 Rc8+ 41. Kb3 Qd1+ 42. Ka3 Qc1 43. Rb3 a5 44. Nxd5 Rc4 45. Rxb7 Rf3+ 0-1

[Event "Titled Tuesday intern op 08th Feb Late"]
[Site "Chess.com INT"]
[Date "2022.02.08"]
[Round "5"]
[White "Clawitter, Craig"]
[Black "Myers, Dominique"]
[Result "0-1"]
[WhiteElo "2050"]
[BlackElo "2065"]
[PlyCount "74"]
[EventDate "2022.02.08"]
[EventType "swiss (blitz)"]
[EventRounds "11"]
[EventCountry "USA"]
[SourceTitle "CBM 206 Extra"]
[Source "ChessBase"]
[SourceDate "2022.03.31"]
[SourceVersion "1"]
[SourceVersionDate "2022.03.31"]
[SourceQuality "1"]

1. e4 e5 2. Nf3 Nc6 3. Bb5 a6 4. Ba4 Nf6 5. 0-0 b5 6. Bb3 Bc5 7. a4 Rb8 8. c3 d6 9. d4 Bb6 10. axb5 axb5 11. Na3 Bg4 12. Nxb5 0-0 13. Re1 h6 14. Bc2 Bxf3 15. Qxf3 exd4 16. cxd4 Nxd4 17. Nxd4 Bxd4 18. Qg3 Be5 19. f4 Bxb2 20. Bxb2 Rxb2 21. e5 dxe5 22. fxe5 Rxc2 23. exf6 Qxf6 24. Rf1 Qd4+ 25. Kh1 Re8 26. Rad1 Qa4 27. Rf4 Rc4 28. Rff1 Rc2 29. Rf4 Rd2 30. Rdf1 Rd1 31. Rxf7 Rxf1+ 32. Rxf1 Qc4 33. Qf3 Qe6 34. h3 c5 35. Rc1 c4 36. Qf4 Rc8 37. Rc3 Qf6 0-1